000 00627nam a2200217 i 4500
001 93224
003 ES-MaACL
005 20250618142401.0
007 t|
008 050408s1946 it af |||| |dita d
100 1 _aLonghi, Roberto.
_973239
245 1 0 _aPiero della Francesca /
_cRoberto Longhi.
250 _a2ª ed.
260 _aMilano :
_bUlrico Hoepli,
_c1946.
300 _a201 p., lám. I-CCVII ;
_c28 cm.
490 1 _aAntichi Maestri Italiani
600 0 4 _aPiero della Francesca,
_d1416?-1492
_991947
830 0 _aAntichi Maestri Italiani
_9232082
852 _aES-MaACL
_jA-170
999 _c93224
_d93224